[Event "CYCC U12"]
[Site "Calgary CAN"]
[Date "2023.07.19"]
[Round "1.114"]
[White "Zhong, Ryan Yunhui"]
[Black "Zhou, Ansun"]
[Result "1-0"]
[WhiteElo "2017"]
[BlackElo "936"]
[PlyCount "87"]
[EventDate "2023.07.19"]
[EventType "swiss"]
[EventRounds "7"]
[EventCountry "CAN"]

1. e4 c5 2. Nf3 e6 3. c3 Nc6 4. Bb5 a6 5. Bxc6 dxc6 6. d4 cxd4 7. cxd4 Nf6 8.
Nc3 Be7 9. O-O b5 10. a3 O-O 11. Bg5 Bb7 12. e5 Nd5 13. Bxe7 Qxe7 14. Ne4 a5
15. Nc5 Rfd8 16. Qc2 b4 17. a4 Rdb8 18. Qc4 Nb6 19. Qd3 Nd7 20. Nxb7 Rxb7 21.
Qe4 Raa7 22. Qxc6 h6 23. Rac1 Rb6 24. Qe4 Rb8 25. Rc6 Nb6 26. Rfc1 g6 27. Qe3
Kg7 28. Rxb6 Rxb6 29. d5 Rbb7 30. d6 Qd7 31. b3 Ra6 32. Qc5 Raa7 33. Nd4 Ra8
34. h3 Kf8 35. Nb5 Rxb5 36. axb5 Ke8 37. Qb6 Rc8 38. Rc7 Rxc7 39. dxc7 Qc8 40.
Qc6+ Ke7 41. b6 Qd7 42. c8=Q Qd1+ 43. Kh2 g5 44. Q8e8# 1-0

[Event "CYCC U12"]
[Site "Calgary CAN"]
[Date "2023.07.19"]
[Round "1.115"]
[White "Mu, Vincent"]
[Black "Moses, Neil"]
[Result "0-1"]
[WhiteElo "932"]
[BlackElo "1985"]
[PlyCount "86"]
[EventDate "2023.07.19"]
[EventType "swiss"]
[EventRounds "7"]
[EventCountry "CAN"]

1. e4 c5 2. Nf3 Nc6 3. d4 cxd4 4. Nxd4 Nf6 5. Nc3 e5 6. Nf3 Bb4 7. Bd3 d5 8.
exd5 Nxd5 9. Be4 Nxc3 10. Bxc6+ bxc6 11. Qxd8+ Kxd8 12. Bd2 Nd5 13. O-O-O Bxd2+
14. Rxd2 Kc7 15. Nxe5 f6 16. Nf3 Re8 17. Rhd1 Bg4 18. Rd3 Nf4 19. Ra3 Nxg2 20.
Rg1 Bxf3 21. Rxf3 Rad8 22. Rg3 Nf4 23. Rxg7+ Rd7 24. Rxd7+ Kxd7 25. Rd1+ Kc7
26. b3 Re2 27. Rg1 h5 28. Rg7+ Kb6 29. Rf7 Rxf2 30. Kb1 Nd5 31. h4 Rh2 32. a4
Rxh4 33. c4 Nc3+ 34. Kc2 Ne4 35. b4 a5 36. c5+ Nxc5 37. bxc5+ Kxc5 38. Rxf6 Rh3
39. Rf5+ Kb4 40. Rf4+ Kc5 41. Rf5+ Kb6 42. Kd2 h4 43. Ke2 Rb3 0-1

[Event "CYCC U12"]
[Site "Calgary CAN"]
[Date "2023.07.19"]
[Round "1.116"]
[White "Gao, Justin"]
[Black "Susarla, Mayukh"]
[Result "1-0"]
[WhiteElo "1853"]
[BlackElo "926"]
[PlyCount "49"]
[EventDate "2023.07.19"]
[EventType "swiss"]
[EventRounds "7"]
[EventCountry "CAN"]

1. e4 e5 2. Nf3 Nc6 3. Bc4 Nf6 4. d3 h6 5. Nc3 Bc5 6. O-O d6 7. h3 O-O 8. Be3
Bb6 9. Qd2 Bxe3 10. fxe3 Be6 11. Bb3 Bxb3 12. axb3 Re8 13. Rae1 Qd7 14. d4 exd4
15. exd4 Rad8 16. Nh4 d5 17. Rxf6 gxf6 18. Nxd5 Qd6 19. Qxh6 Re6 20. Nf5 Qf8
21. Nxf6+ Rxf6 22. Qxf6 Re8 23. Re3 Re6 24. Rg3+ Kh7 25. Rg7+ 1-0

[Event "CYCC U12"]
[Site "Calgary CAN"]
[Date "2023.07.19"]
[Round "1.117"]
[White "Buitelaar, Jake"]
[Black "Yin, Zeming"]
[Result "1-0"]
[WhiteElo "910"]
[BlackElo "1748"]
[PlyCount "99"]
[EventDate "2023.07.19"]
[EventType "swiss"]
[EventRounds "7"]
[EventCountry "CAN"]

1. e4 c6 2. d4 d5 3. Nc3 dxe4 4. Nxe4 Nf6 5. Nxf6+ exf6 6. Nf3 Bd6 7. Bc4 O-O
8. b3 Re8+ 9. Be3 Bb4+ 10. Nd2 Qxd4 11. O-O Qd6 12. a3 Bc3 13. Bxf7+ Kxf7 14.
Qh5+ g6 15. Qxh7+ Ke6 16. Rae1 Qd5 17. Bd4+ Kd6 18. Nc4+ Qxc4 19. bxc4 Bxe1 20.
c5+ Kd5 21. Qf7+ Re6 22. Rxe1 Kxd4 23. Rxe6 Bxe6 24. Qxe6 Na6 25. Qxf6+ Kxc5
26. Qxg6 Rd8 27. h4 Rd1+ 28. Kh2 Rd6 29. Qg5+ Rd5 30. Qe7+ Kb6 31. g4 Nc5 32.
g5 Rd2 33. Qe3 Rd5 34. g6 Rd7 35. h5 Rd5 36. Qh3 Ne4 37. Qe3+ Nc5 38. Qh6 Ne4
39. g7 Rd8 40. Qh8 Rd2 41. Qf8 Nxf2 42. Qb4+ Kc7 43. Qxd2 Ng4+ 44. Kg3 Nf6 45.
Qf4+ Kb6 46. Qxf6 Ka5 47. g8=Q b5 48. Qgd8+ Ka4 49. Qfd4+ Kxa3 50. Qa5# 1-0

[Event "CYCC U12"]
[Site "Calgary CAN"]
[Date "2023.07.19"]
[Round "1.118"]
[White "Deshpande, Sarthak"]
[Black "Ma, Nicholas"]
[Result "1-0"]
[WhiteElo "1719"]
[BlackElo "909"]
[PlyCount "51"]
[EventDate "2023.07.19"]
[EventType "swiss"]
[EventRounds "7"]
[EventCountry "CAN"]

1. d4 d5 2. c4 e5 3. dxe5 d4 4. Nf3 Nc6 5. g3 Bc5 6. Bg2 Be6 7. Nbd2 Qd7 8. a3
a6 9. O-O O-O-O 10. b4 Ba7 11. b5 axb5 12. cxb5 Nce7 13. Qa4 Kb8 14. Qc2 Bh3
15. Bxh3 Qxh3 16. Ng5 Qh5 17. Nc4 f6 18. Ne6 Rd5 19. Nf4 Qg4 20. f3 Qd7 21. b6
cxb6 22. Nxd5 Nxd5 23. Kg2 h5 24. e4 Nde7 25. Bf4 g5 26. e6+ 1-0

[Event "CYCC U12"]
[Site "Calgary CAN"]
[Date "2023.07.19"]
[Round "1.119"]
[White "Singh, Jovan"]
[Black "Mok, Erwin"]
[Result "0-1"]
[WhiteElo "896"]
[BlackElo "1694"]
[PlyCount "52"]
[EventDate "2023.07.19"]
[EventType "swiss"]
[EventRounds "7"]
[EventCountry "CAN"]

1. d4 d5 2. c4 c6 3. Nf3 Nf6 4. Nc3 e6 5. Bf4 dxc4 6. e4 b5 7. a4 Bb4 8. e5 Nd5
9. Bd2 Bxc3 10. bxc3 a6 11. Be2 Bb7 12. O-O h6 13. Qc1 Nd7 14. Re1 Qe7 15. Bd1
g5 16. Kh1 O-O-O 17. Qb2 g4 18. Ng1 Rdg8 19. Ne2 h5 20. Rb1 h4 21. h3 gxh3 22.
gxh3 c5 23. Kh2 Nb4 24. Rg1 Nd3 25. Qc2 Nxf2 26. axb5 Be4 0-1

[Event "CYCC U12"]
[Site "Calgary CAN"]
[Date "2023.07.19"]
[Round "1.120"]
[White "Li, Triston"]
[Black "Zhang, Nathan"]
[Result "1-0"]
[WhiteElo "1693"]
[BlackElo "894"]
[PlyCount "67"]
[EventDate "2023.07.19"]
[EventType "swiss"]
[EventRounds "7"]
[EventCountry "CAN"]

1. e4 e5 2. Nf3 Nc6 3. Nc3 Nf6 4. d4 d6 5. Bb5 d5 6. Nxe5 Qd6 7. exd5 Nxd5 8.
Ne4 Qb4+ 9. Nc3 Nxc3 10. Bxc6+ bxc6 11. bxc3 Qxc3+ 12. Bd2 Qxd4 13. O-O Qc5 14.
Qf3 Be6 15. Nxc6 Bd5 16. Rfe1+ Kd7 17. Ne5+ Kc8 18. Qf5+ Be6 19. Qe4 Rb8 20.
Be3 Qb5 21. c4 Qa6 22. Nc6 Rb6 23. Bxb6 axb6 24. Nd4 Bc5 25. Nxe6 fxe6 26.
Qxe6+ Kb8 27. Qd5 Rf8 28. Re2 Qa3 29. Rae1 Ka7 30. Qc6 Ka6 31. g3 Qa5 32. Re8
Rxe8 33. Rxe8 Bxf2+ 34. Kg2 1-0

[Event "CYCC U12"]
[Site "Calgary CAN"]
[Date "2023.07.19"]
[Round "1.121"]
[White "Curran, Dylan"]
[Black "Jiang, William"]
[Result "0-1"]
[WhiteElo "865"]
[BlackElo "1680"]
[PlyCount "98"]
[EventDate "2023.07.19"]
[EventType "swiss"]
[EventRounds "7"]
[EventCountry "CAN"]

1. e4 c5 2. Nf3 Nc6 3. d4 cxd4 4. Nxd4 Nf6 5. Nc3 e5 6. Ndb5 d6 7. Bg5 a6 8.
Na3 b5 9. Nd5 Be7 10. Nxe7 Qxe7 11. c3 h6 12. Bh4 g5 13. Bg3 Be6 14. Bd3 d5 15.
f3 Rd8 16. Qe2 Nh5 17. Nc2 Nxg3 18. hxg3 d4 19. cxd4 Nxd4 20. Nxd4 Qb4+ 21. Qd2
Qxd4 22. Rd1 Bxa2 23. f4 Bb3 24. Bc2 Qxd2+ 25. Rxd2 Rxd2 26. Kxd2 Bxc2 27. Kxc2
gxf4 28. gxf4 exf4 29. Kb3 a5 30. Kc3 Ke7 31. Kd4 Ke6 32. Rf1 Rd8+ 33. Kc5 Ke5
34. Kxb5 Rb8+ 35. Kxa5 Rxb2 36. Rh1 Rxg2 37. Rxh6 f3 38. Rh7 Kxe4 39. Rxf7 Rg4
40. Kb4 Rf4 41. Rxf4+ Kxf4 42. Kc3 f2 43. Kd4 f1=Q 44. Kc3 Ke5 45. Kd2 Qf3 46.
Kc2 Kd4 47. Kd2 Qf2+ 48. Kd1 Kc3 49. Kc1 Qc2# 0-1

[Event "CYCC U12"]
[Site "Calgary CAN"]
[Date "2023.07.19"]
[Round "1.122"]
[White "Chen, Zhengyu"]
[Black "Sun, Kaiqi"]
[Result "1-0"]
[WhiteElo "1670"]
[BlackElo "856"]
[PlyCount "67"]
[EventDate "2023.07.19"]
[EventType "swiss"]
[EventRounds "7"]
[EventCountry "CAN"]

1. Nf3 d5 2. c4 Nf6 3. cxd5 Qxd5 4. Nc3 Qd8 5. Qb3 Nc6 6. d3 Nd4 7. Qa4+ Nc6 8.
Ne5 Bd7 9. Nxd7 Qxd7 10. g3 Nd4 11. Qxd7+ Nxd7 12. Rb1 Nc2+ 13. Kd1 Nd4 14. Bg2
c6 15. e3 Nf5 16. e4 Nh6 17. Bxh6 gxh6 18. Kc2 O-O-O 19. d4 Bg7 20. Rbd1 Nb6
21. e5 Kc7 22. Rhe1 Nd5 23. Nxd5+ cxd5 24. Kd3 e6 25. Rc1+ Kb8 26. f4 Bf8 27.
Rf1 Bb4 28. f5 Rhg8 29. fxe6 fxe6 30. Bh3 Rg6 31. Rf7 Rh8 32. Rcc7 a6 33. Rxb7+
Kc8 34. Rxb4 1-0

[Event "CYCC U12"]
[Site "Calgary CAN"]
[Date "2023.07.19"]
[Round "1.123"]
[White "Ganeshanathan, Sayan"]
[Black "Ajith, Aarush"]
[Result "0-1"]
[WhiteElo "848"]
[BlackElo "1667"]
[PlyCount "62"]
[EventDate "2023.07.19"]
[EventType "swiss"]
[EventRounds "7"]
[EventCountry "CAN"]

1. e4 c5 2. Nf3 d6 3. d4 cxd4 4. Nxd4 Nf6 5. Nc3 a6 6. Bg5 e6 7. Nf3 Be7 8. Be2
Nc6 9. O-O O-O 10. h3 b5 11. a3 Bb7 12. Re1 Rc8 13. Rb1 Na5 14. Bd3 Nc4 15.
Bxc4 Rxc4 16. b3 Rxc3 17. Qd2 Rc8 18. Qd3 Qc7 19. c4 bxc4 20. bxc4 Ba8 21. Rec1
Bxe4 22. Qe3 Bxb1 23. Rxb1 Qxc4 24. Rb7 Rc7 25. Rb4 Qc5 26. Qe1 h6 27. Be3 Qc3
28. Bd2 Qxa3 29. Nd4 Rfc8 30. Qe2 d5 31. Rb3 Qa1+ 0-1

[Event "CYCC U12"]
[Site "Calgary CAN"]
[Date "2023.07.19"]
[Round "1.124"]
[White "Tenkov, Arkady"]
[Black "Yee, Matthew"]
[Result "1-0"]
[WhiteElo "1663"]
[BlackElo "843"]
[PlyCount "49"]
[EventDate "2023.07.19"]
[EventType "swiss"]
[EventRounds "7"]
[EventCountry "CAN"]

1. e4 e5 2. Nf3 Nc6 3. Bb5 a6 4. Ba4 b5 5. Bb3 Nf6 6. O-O Be7 7. Re1 d6 8. c3
Bg4 9. d3 Qd7 10. Nbd2 O-O 11. Nf1 a5 12. h3 Bh5 13. Ng3 Bg6 14. Nh4 Kh8 15.
Nhf5 a4 16. Bc2 Bd8 17. d4 Bxf5 18. Nxf5 Ne7 19. dxe5 dxe5 20. Qf3 c6 21. g4
Bc7 22. Nxg7 Kxg7 23. Bh6+ Kxh6 24. Qxf6+ Ng6 25. Bd1 1-0

[Event "CYCC U12"]
[Site "Calgary CAN"]
[Date "2023.07.19"]
[Round "1.125"]
[White "Xu, Michael"]
[Black "Duanmu, Isaac"]
[Result "0-1"]
[WhiteElo "828"]
[BlackElo "1620"]
[PlyCount "44"]
[EventDate "2023.07.19"]
[EventType "swiss"]
[EventRounds "7"]
[EventCountry "CAN"]

1. e4 c6 2. d4 d5 3. f3 e6 4. Bf4 Bd6 5. e5 Bc7 6. Nd2 Ne7 7. Bd3 Ng6 8. Bg3 c5
9. c3 Nc6 10. Ne2 Bb6 11. Bf2 cxd4 12. cxd4 Bd7 13. Nb3 f6 14. f4 fxe5 15. fxe5
Qg5 16. Bxg6+ Qxg6 17. O-O O-O 18. Nc3 Rf5 19. Qc2 Raf8 20. Rac1 Qf7 21. Nb5
Nb4 22. Qd2 Bxb5 0-1

[Event "CYCC U12"]
[Site "Calgary CAN"]
[Date "2023.07.19"]
[Round "1.126"]
[White "Wu, Ryan"]
[Black "Chen, Harry"]
[Result "1-0"]
[WhiteElo "1576"]
[BlackElo "817"]
[PlyCount "75"]
[EventDate "2023.07.19"]
[EventType "swiss"]
[EventRounds "7"]
[EventCountry "CAN"]

1. e4 e5 2. Nf3 Nc6 3. Bc4 Bc5 4. c3 d6 5. O-O Nf6 6. d3 O-O 7. Bb3 Bg4 8. Nbd2
a6 9. Re1 b5 10. Nf1 Ne7 11. h3 Bh5 12. Ng3 Bg6 13. Bg5 Nh5 14. Nf5 Bxf5 15.
exf5 h6 16. Bxe7 Qxe7 17. d4 Bb6 18. Nxe5 Nf4 19. Nxf7 Qh4 20. Nxd6+ Kh8 21.
Ne4 Rad8 22. Qg4 Qh5 23. Qxf4 Rxf5 24. Qg4 Qxg4 25. hxg4 Rf4 26. f3 a5 27. Nc5
Rf6 28. Bc2 b4 29. Re7 Bxc5 30. dxc5 Rff8 31. Rd1 Rc8 32. cxb4 axb4 33. Rdd7
Rg8 34. Bb3 Rge8 35. Rxg7 Re1+ 36. Kh2 Re6 37. Bxe6 Re8 38. Rh7# 1-0

[Event "CYCC U12"]
[Site "Calgary CAN"]
[Date "2023.07.19"]
[Round "1.127"]
[White "Ivkin, Michael"]
[Black "Lin, Austin"]
[Result "1/2-1/2"]
[WhiteElo "804"]
[BlackElo "1566"]
[PlyCount "108"]
[EventDate "2023.07.19"]
[EventType "swiss"]
[EventRounds "7"]
[EventCountry "CAN"]

1. e4 c6 2. d4 d5 3. exd5 cxd5 4. Nc3 Nf6 5. g3 Bg4 6. Nf3 e6 7. h3 Bh5 8. g4
Bg6 9. Bb5+ Nbd7 10. Ne5 a6 11. Nxd7 Nxd7 12. Bd3 Bb4 13. a3 Bxc3+ 14. bxc3 Rc8
15. Bb2 Nb6 16. Qd2 Nc4 17. Bxc4 Rxc4 18. h4 h6 19. h5 Be4 20. Rh3 Qg5 21. Qxg5
hxg5 22. O-O-O Rh6 23. f3 Bh7 24. Re1 Ke7 25. Re2 g6 26. Kb1 gxh5 27. Rxh5 Rxh5
28. gxh5 Rc8 29. Rg2 f6 30. f4 Rg8 31. fxg5 Rxg5 32. Rxg5 fxg5 33. Bc1 g4 34.
Bf4 b5 35. Kc1 Be4 36. Be5 Kf7 37. Kd2 Kg8 38. Ke3 Bxc2 39. Kf4 Bf5 40. Kg5 Kh7
41. Bf4 a5 42. Kf6 g3 43. Bxg3 Kh6 44. Ke5 Kxh5 45. Kd6 Kg4 46. Be5 Kf3 47. Kc6
Bd3 48. Kb6 a4 49. Ka5 Bc4 50. Kb4 Ke4 51. Bf6 Kd3 52. Be5 Kc2 53. Bf6 Kb2 54.
Be5 Bd3 1/2-1/2

[Event "CYCC U12"]
[Site "Calgary CAN"]
[Date "2023.07.19"]
[Round "2.132"]
[White "Villamar, Eros"]
[Black "Ivkin, Michael"]
[Result "1-0"]
[WhiteElo "1052"]
[BlackElo "804"]
[PlyCount "61"]
[EventDate "2023.07.19"]
[EventType "swiss"]
[EventRounds "7"]
[EventCountry "CAN"]

1. e4 e5 2. Nf3 Nc6 3. Bb5 Bc5 4. d3 d6 5. h3 Nge7 6. O-O a6 7. Ba4 O-O 8. c3
Ng6 9. d4 exd4 10. cxd4 Bb6 11. Bxc6 bxc6 12. Nc3 Nh4 13. Be3 Qf6 14. Nxh4 Qxh4
15. Qd2 Re8 16. f4 Qg3 17. Rf3 Qg6 18. f5 Qf6 19. Rd1 Qe7 20. f6 Qe6 21. fxg7
Ba5 22. Rdf1 Bxc3 23. bxc3 Re7 24. Bg5 Rd7 25. Qc2 Bb7 26. Rf6 Qe7 27. h4 c5
28. e5 dxe5 29. Rh6 Kxg7 30. Qxh7+ Kf8 31. Qh8# 1-0

[Event "CYCC U12"]
[Site "Calgary CAN"]
[Date "2023.07.19"]
[Round "2.133"]
[White "Yin, Zeming"]
[Black "Gupta, Dhruv"]
[Result "1-0"]
[WhiteElo "1748"]
[BlackElo "786"]
[PlyCount "39"]
[EventDate "2023.07.19"]
[EventType "swiss"]
[EventRounds "7"]
[EventCountry "CAN"]

1. e4 c6 2. d4 d5 3. exd5 Nf6 4. dxc6 Nxc6 5. c3 Bf5 6. Bd3 Bg6 7. Nf3 e6 8.
Bf4 Bd6 9. Bxd6 Qxd6 10. Na3 O-O-O 11. Nc4 Qd7 12. b4 Rhe8 13. O-O Qc7 14. Bxg6
hxg6 15. Qa4 Rh8 16. b5 Ne7 17. Rab1 Ng4 18. b6 axb6 19. Nxb6+ Kb8 20. Qa8# 1-0

[Event "CYCC U12"]
[Site "Calgary CAN"]
[Date "2023.07.19"]
[Round "2.134"]
[White "Farjam, Soren"]
[Black "Patil, Tanishq"]
[Result "0-1"]
[WhiteElo "709"]
[BlackElo "1543"]
[PlyCount "58"]
[EventDate "2023.07.19"]
[EventType "swiss"]
[EventRounds "7"]
[EventCountry "CAN"]

1. d4 d5 2. c4 e6 3. Nc3 Nf6 4. Bg5 Be7 5. Nf3 O-O 6. e3 h6 7. Bh4 b6 8. Bd3
Bb7 9. O-O Nbd7 10. Qc2 c5 11. Rfe1 Re8 12. Rad1 Qc8 13. e4 cxd4 14. Nxd4 dxc4
15. Be2 a6 16. Bf3 Nf8 17. Qe2 b5 18. a3 Ng6 19. Bg3 Rd8 20. Nc2 Qc5 21. e5 Nd5
22. Qe4 Nxc3 23. Qxb7 Nxd1 24. Rxd1 Rxd1+ 25. Bxd1 Rd8 26. Ne3 Bg5 27. Bf3 Bxe3
28. fxe3 Qxe3+ 29. Bf2 Qc1+ 0-1

[Event "CYCC U12"]
[Site "Calgary CAN"]
[Date "2023.07.19"]
[Round "2.135"]
[White "Ni, Alvin"]
[Black "Skorinskiy, Oleg"]
[Result "1-0"]
[WhiteElo "1273"]
[BlackElo "752"]
[PlyCount "121"]
[EventDate "2023.07.19"]
[EventType "swiss"]
[EventRounds "7"]
[EventCountry "CAN"]

1. e4 e5 2. Nf3 Nc6 3. Bb5 Bc5 4. O-O Nf6 5. Bxc6 dxc6 6. Nxe5 O-O 7. d3 h6 8.
Be3 Bxe3 9. fxe3 Qd6 10. Nf3 Ng4 11. Qe2 f5 12. exf5 Bxf5 13. h3 Ne5 14. Nbd2
Nxd3 15. cxd3 Bxd3 16. Qf2 Bxf1 17. Rxf1 Rae8 18. e4 b5 19. Rc1 a5 20. Qd4 Rd8
21. Qxd6 Rxd6 22. e5 Rd7 23. Rxc6 a4 24. Rc5 Rb8 25. e6 Re7 26. Nd4 Rd8 27.
N2f3 Rd6 28. Rxb5 Rb6 29. Rxb6 cxb6 30. Ne5 Kh7 31. Nec6 Re8 32. e7 Kg6 33. Ne6
Kf7 34. Nc7 a3 35. bxa3 Rc8 36. e8=Q+ Rxe8 37. Nxe8 Kxe8 38. Ne5 Ke7 39. Kf2
Ke6 40. Nc4 Kd5 41. Nxb6+ Kc5 42. Na4+ Kb5 43. Nb2 g6 44. g3 g5 45. g4 Kc5 46.
Ke3 Kd5 47. a4 Kc5 48. a3 Kb6 49. Kd4 Ka5 50. Kc5 Ka6 51. Nc4 Kb7 52. Kd6 Ka6
53. Kc6 Ka7 54. a5 Ka6 55. a4 Ka7 56. Kb5 Kb7 57. a6+ Ka7 58. a5 Kb8 59. Kb6
Ka8 60. Ne3 Kb8 61. Nd5 1-0

[Event "CYCC U12"]
[Site "Calgary CAN"]
[Date "2023.07.19"]
[Round "2.136"]
[White "Vong, Nathan"]
[Black "Harrington, Luka"]
[Result "0-1"]
[WhiteElo "722"]
[BlackElo "1136"]
[PlyCount "36"]
[EventDate "2023.07.19"]
[EventType "swiss"]
[EventRounds "7"]
[EventCountry "CAN"]

1. e4 e5 2. Nf3 Nc6 3. Bc4 h6 4. Nc3 Nf6 5. d3 Bc5 6. h3 d6 7. O-O g5 8. Be3 g4
9. hxg4 Nd4 10. Nh2 h5 11. Bg5 Rg8 12. Bxf6 Qxf6 13. gxh5 Bh3 14. Nd5 Qh6 15.
Nxc7+ Kf8 16. Nxa8 Bxg2 17. Ng4 Qxh5 18. Kxg2 Rxg4+ 0-1

[Event "CYCC U12"]
[Site "Calgary CAN"]
[Date "2023.07.19"]
[Round "2.137"]
[White "Nguyen, Aiden"]
[Black "Li, Jake"]
[Result "0-1"]
[WhiteElo "626"]
[BlackElo "1068"]
[PlyCount "80"]
[EventDate "2023.07.19"]
[EventType "swiss"]
[EventRounds "7"]
[EventCountry "CAN"]

1. d4 f5 2. c4 Nf6 3. Nf3 g6 4. e3 Bg7 5. Bd3 O-O 6. O-O d6 7. b3 Nbd7 8. Bb2
Qe8 9. d5 c6 10. Nd4 Ne5 11. Ne6 Bxe6 12. dxe6 Qc8 13. Bxe5 dxe5 14. c5 Rd8 15.
Nc3 e4 16. Qd2 Rxd3 17. Qc2 Ne8 18. f3 Rxc3 19. Qf2 Rxc5 20. Rad1 Qxe6 21. f4
Rd5 22. Rde1 Rad8 23. g3 Bc3 24. Re2 Rd2 25. Kg2 Rxe2 26. Qxe2 Rd2 27. Qxd2
Bxd2 28. Kf2 Nf6 29. h3 Nd5 30. g4 Bxe3+ 31. Kg3 Bxf4+ 32. Kg2 Ne3+ 33. Kf2
Nxf1 34. Kxf1 fxg4 35. a4 gxh3 36. a5 h2 37. Kg2 Qg4+ 38. Kf2 h1=Q 39. a6 Qh2+
40. Ke1 Qgg1# 0-1

[Event "CYCC U12"]
[Site "Calgary CAN"]
[Date "2023.07.19"]
[Round "2.138"]
[White "Liu, Eric"]
[Black "Zheng, Jeffrey"]
[Result "1-0"]
[WhiteElo "962"]
[BlackElo "630"]
[Annotator ",hugh_brodie@hotmail."]
[PlyCount "23"]
[EventDate "2023.07.19"]
[EventType "swiss"]
[EventRounds "7"]
[EventCountry "CAN"]

1. d4 d5 2. Bf4 Nc6 3. Nf3 Nf6 4. e3 Bf5 5. Bd3 Bg6 6. O-O e6 7. h3 Bd6 8. Bh2
Nb4 9. Bxg6 hxg6 10. c3 Nc6 11. Ne5 Nd7 12. Nd2 {
Missing moves. White won in 38 moves.} 1-0

[Event "CYCC U12"]
[Site "Calgary CAN"]
[Date "2023.07.19"]
[Round "2.139"]
[White "Yuan, Jaydon"]
[Black "Wang, Patrick"]
[Result "1/2-1/2"]
[WhiteElo "578"]
[BlackElo "960"]
[PlyCount "64"]
[EventDate "2023.07.19"]
[EventType "swiss"]
[EventRounds "7"]
[EventCountry "CAN"]

1. e4 e5 2. Nc3 Nc6 3. Bc4 Bb4 4. Nf3 Nf6 5. O-O d6 6. a3 Bxc3 7. bxc3 Nxe4 8.
Re1 Nf6 9. d4 O-O 10. dxe5 Nxe5 11. Nxe5 dxe5 12. Qxd8 Rxd8 13. Bg5 Bf5 14. Bb3
Rd6 15. Rxe5 Rad8 16. h3 Bg6 17. Rae1 h6 18. Bf4 Rc6 19. R5e3 Nh5 20. Bh2 Rd2
21. Rc1 Rf6 22. f3 Nf4 23. Bxf4 Rxf4 24. Re7 Rf6 25. Rxc7 Rb6 26. Rc8+ Kh7 27.
Rf8 Rc6 28. c4 b6 29. Ra8 a5 30. c3 Re6 31. Bd1 Red6 32. Bb3 Re6 1/2-1/2

[Event "CYCC U12"]
[Site "Calgary CAN"]
[Date "2023.07.19"]
[Round "2.140"]
[White "Zhang, Walter"]
[Black "Slobinsky, Tal"]
[Result "1/2-1/2"]
[WhiteElo "952"]
[BlackElo "584"]
[PlyCount "111"]
[EventDate "2023.07.19"]
[EventType "swiss"]
[EventRounds "7"]
[EventCountry "CAN"]

1. d4 d5 2. Nf3 Nf6 3. Bf4 Na6 4. e3 Be6 5. c3 Qd7 6. Nbd2 O-O-O 7. Be2 Ne4 8.
Nxe4 dxe4 9. Nd2 f5 10. f3 exf3 11. Bxf3 c5 12. Rc1 cxd4 13. cxd4+ Nc7 14.
Rxc7+ Qxc7 15. Bxc7 Kxc7 16. Qc2+ Kb8 17. O-O Rc8 18. Qa4 g5 19. Qb4 Rc7 20. d5
Bd7 21. g3 e5 22. Nc4 Bxb4 23. Nxe5 Re8 24. d6 Bxd6 25. Nf7 Bc5 26. Kh1 g4 27.
Bg2 Rxe3 28. Rd1 Ba4 29. b3 Bxb3 30. axb3 Rxf7 31. Rc1 Ba3 32. Rd1 Rxb3 33. Bd5
Rd3 34. Rxd3 Rd7 35. Bc4 Rc7 36. Rd8+ Rc8 37. Rxc8+ Kxc8 38. Be6+ Kc7 39. Bxf5
b5 40. Bxh7 b4 41. Bc2 Kc6 42. h4 gxh3 43. g4 Bb2 44. Kh2 Kc5 45. Kxh3 Kc4 46.
Kg3 Kc3 47. Ba4 Kc4 48. Kf2 b3 49. Ke2 Bf6 50. Kd2 Kb4 51. Bc6 b2 52. Kc2 a5
53. Kb1 Kc5 54. Be8 Kb4 55. g5 Bxg5 56. Kxb2 1/2-1/2

[Event "CYCC U12"]
[Site "Calgary CAN"]
[Date "2023.07.19"]
[Round "2.110"]
[White "Wen, Justin"]
[Black "Mendes, Aaron Reeve"]
[Result "0-1"]
[WhiteElo "1483"]
[BlackElo "2305"]
[PlyCount "76"]
[EventDate "2023.07.19"]
[EventType "swiss"]
[EventRounds "7"]
[EventCountry "CAN"]

1. d4 d5 2. Nc3 Nf6 3. Bf4 e6 4. Nb5 Na6 5. a3 c6 6. Nc3 Bd6 7. e3 Qc7 8. Bxd6
Qxd6 9. Bxa6 bxa6 10. Nf3 Rb8 11. Na4 Nd7 12. b4 a5 13. c3 Ba6 14. Nc5 Nxc5 15.
dxc5 Qe7 16. Ne5 Qc7 17. f4 Qb7 18. Qa4 Rc8 19. Qxa5 f6 20. Nf3 O-O 21. Nd4 e5
22. Ne6 Rfe8 23. f5 Bd3 24. g4 g6 25. Kd2 Be4 26. Rhg1 Kh8 27. a4 Rg8 28. Raf1
Qd7 29. Rg3 a6 30. Qxa6 Ra8 31. Qb6 Rxa4 32. Qc7 Qxc7 33. Nxc7 Rc8 34. Ne6 Ra2+
35. Ke1 Rca8 36. fxg6 Rb2 37. g7+ Kg8 38. Rxf6 Ra1# 0-1

[Event "CYCC U12"]
[Site "Calgary CAN"]
[Date "2023.07.19"]
[Round "2.111"]
[White "Zhao, Jifan"]
[Black "Zhan, Jayden"]
[Result "1/2-1/2"]
[WhiteElo "2113"]
[BlackElo "1431"]
[PlyCount "120"]
[EventDate "2023.07.19"]
[EventType "swiss"]
[EventRounds "7"]
[EventCountry "CAN"]

1. e4 e6 2. d4 d5 3. Nc3 Nf6 4. e5 Nfd7 5. f4 c5 6. Nf3 Nc6 7. Be3 Be7 8. Be2
O-O 9. O-O f6 10. exf6 Nxf6 11. dxc5 Ng4 12. Bd4 Rxf4 13. g3 Rxd4 14. Nxd4 Ne3
15. Nxc6 bxc6 16. Qd3 Nxf1 17. Rxf1 Bxc5+ 18. Kh1 e5 19. Bf3 Be6 20. Bg2 Rb8
21. b3 e4 22. Qd1 Qg5 23. Na4 Bg4 24. Qe1 Be3 25. Qc3 Rc8 26. h4 Qh6 27. Qe5
Qe6 28. Qxe6+ Bxe6 29. Kh2 c5 30. Nc3 a6 31. Rd1 Bd4 32. Nxd5 Bxd5 33. c3 Bxb3
34. axb3 Bxc3 35. Bxe4 Bd4 36. Bb7 Rf8 37. Bxa6 Rb8 38. Rf1 Bf6 39. Bc4+ Kf8
40. g4 Ke7 41. Re1+ Kd6 42. Re6+ Kd7 43. g5 Be7 44. Ra6 Bd6+ 45. Kh3 Rc8 46.
Bd3 g6 47. Bb5+ Ke6 48. Bc4+ Kd7 49. Ra7+ Bc7 50. Bb5+ Kd6 51. Ra6+ Kd5 52. Rc6
Rb8 53. Ba4 Rxb3+ 54. Bxb3+ Kxc6 55. Bg8 h6 56. gxh6 Be5 57. Bf7 Kd6 58. Bxg6
Ke7 59. h5 Kf8 60. Kg4 Kg8 1/2-1/2

[Event "CYCC U12"]
[Site "Calgary CAN"]
[Date "2023.07.19"]
[Round "2.112"]
[White "Dunikov, Glib"]
[Black "Marchand, Calix"]
[Result "0-1"]
[WhiteElo "1458"]
[BlackElo "2101"]
[PlyCount "74"]
[EventDate "2023.07.19"]
[EventType "swiss"]
[EventRounds "7"]
[EventCountry "CAN"]

1. e4 c5 2. c3 d5 3. exd5 Qxd5 4. d4 Nc6 5. Nf3 e6 6. Be2 Nf6 7. O-O cxd4 8.
cxd4 Be7 9. Nc3 Qd8 10. Bf4 O-O 11. Qd2 Nb4 12. Rad1 b6 13. Ne5 Bb7 14. Bf3
Bxf3 15. Nxf3 Rc8 16. Rfe1 Nbd5 17. Nxd5 Nxd5 18. Bg3 Bb4 19. Qd3 Bxe1 20. Rxe1
Qd7 21. Ng5 g6 22. h4 Ne7 23. Ne4 f6 24. h5 Nf5 25. hxg6 hxg6 26. Nd6 Rcd8 27.
Nxf5 exf5 28. Rd1 Qd5 29. Qe3 Kg7 30. b3 Rfe8 31. Qd3 Re4 32. Qa6 Rxd4 33.
Qxa7+ Rd7 34. Rxd4 Qxd4 35. Qa6 f4 36. Bh2 Qa1+ 37. Qf1 Rd1 0-1

[Event "CYCC U12"]
[Site "Calgary CAN"]
[Date "2023.07.19"]
[Round "2.113"]
[White "Liu, Zachary"]
[Black "Li, Aiden"]
[Result "1-0"]
[WhiteElo "2071"]
[BlackElo "1402"]
[PlyCount "77"]
[EventDate "2023.07.19"]
[EventType "swiss"]
[EventRounds "7"]
[EventCountry "CAN"]

1. c4 b6 2. d4 e6 3. a3 Bb7 4. d5 exd5 5. cxd5 Nf6 6. Nc3 a5 7. g3 Na6 8. Bg2
Be7 9. Nf3 O-O 10. O-O Re8 11. Nd4 Bf8 12. Re1 g6 13. e4 d6 14. Be3 Bg7 15. Rc1
Nc5 16. f3 Nfd7 17. b4 axb4 18. axb4 Na6 19. Qb3 Ne5 20. Ncb5 Qd7 21. Re2 Rac8
22. h3 c6 23. Na7 Rc7 24. f4 Ba8 25. fxe5 Rxa7 26. dxc6 Qc7 27. Nb5 Qb8 28.
exd6 Bxc6 29. Nxa7 Qxa7 30. Rxc6 Be5 31. Bxb6 Qb7 32. b5 Nb8 33. Qd5 Nxc6 34.
Qxc6 Qb8 35. d7 Rf8 36. Rd2 Bxg3 37. d8=Q Qf4 38. Qxf8+ Kxf8 39. Qd6+ 1-0